000 00519nam a2200157Ia 4500
008 210716s1995 xx 000 0 und d
020 _a8170295599
041 _aeng
082 _a005.268 BRAR
100 _aBraden, Richard P.
245 _aChild windows: for users of microsoft visual c++ development system for windows.
_bFor users of microsoft visual c++ development system for windows.
250 _a1
260 _aNew Delhi
_bBPB Publications
_c1995
300 _avi,201
650 _aMicrosoft Windows(005.269)
999 _c182957
_d182957